Marker / (Record no. 53992)
[ view plain ]
| 000 -LEADER | |
|---|---|
| fixed length control field | 00706nam a22002057a 4500 |
| 005 - DATE AND TIME OF LATEST TRANSACTION | |
| control field | 20250613093730.0 |
| 008 - FIXED-LENGTH DATA ELEMENTS--GENERAL INFORMATION | |
| fixed length control field | 250613b |||||||| |||| 00| 0 eng d |
| 020 ## - INTERNATIONAL STANDARD BOOK NUMBER | |
| International Standard Book Number | 042520734X |
| 040 ## - CATALOGING SOURCE | |
| Original cataloging agency | BSOP |
| 041 ## - LANGUAGE CODE | |
| Language code of text/sound track or separate title | English |
| 050 ## - LIBRARY OF CONGRESS CALL NUMBER | |
| Classification number | FIC |
| -- | C77m |
| -- | 2006 |
| 100 ## - MAIN ENTRY--PERSONAL NAME | |
| Personal name | Cook, Robin |
| 245 ## - TITLE STATEMENT | |
| Title | Marker / |
| Statement of responsibility, etc | Robin Cook. |
| 264 ## - PRODUCTION, PUBLICATION, DISTRIBUTION, MANUFACTURE STATEMENTS | |
| Place of production, publication, distribution, manufacture | New York, USA: |
| Name of producer, publisher, distributor, manufacturer | <a href="The Berkeley Publishing Group,">The Berkeley Publishing Group,</a> |
| Date of production, publication, distribution, manufacture | 2006. |
| 300 ## - PHYSICAL DESCRIPTION | |
| Extent | 658p. ; |
| Dimensions | 19cm. |
| 440 ## - SERIES STATEMENT/ADDED ENTRY--TITLE | |
| Title | Marker |
| 520 ## - SUMMARY, ETC. | |
| Summary, etc | With his signature blend of suspense and science, Robin Cook delivers an electrifying page-turner that delves into the murky ethics of developing genomic medicine and modern-day health care. |
| 650 ## - SUBJECT ADDED ENTRY--TOPICAL TERM | |
| Topical term or geographic name as entry element | Fiction, Thriller, Mystery |
| 942 ## - ADDED ENTRY ELEMENTS (KOHA) | |
| Source of classification or shelving scheme | Library of Congress Classification |
| Item type | Books |
| Withdrawn status | Lost status | Source of classification or shelving scheme | Damaged status | Not for loan | Home library | Current library | Shelving location | Date acquired | Source of acquisition | Inventory number | Total Checkouts | Full call number | Barcode | Date last seen | Price effective from | Koha item type |
|---|---|---|---|---|---|---|---|---|---|---|---|---|---|---|---|---|
| Library of Congress Classification | BSOP Library | BSOP Library | Fiction | 06/13/2025 | Donation | 48792 | FIC C77m 2006 | 00062060 | 06/13/2025 | 06/13/2025 | Books |
